00373nam a2200157Ia 4500008004100000082002200041100003200063245001800095260001400113300002200127365000600149520001200155630001800167650001200185730001800197100920s9999 xx 000 0 und d b31971a340 ढ 84 aKOTEWAL BEJUNJEE RUTTONJEE. aTHE PRACTICE. b---c1884 a250bसाधी b0 aलॉ. aTHE PRACTICE. aलॉ. aTHE PRACTICE.